000 00554nam a2200193Ia 4500
005 20250508162034.0
008 008 250505s9999 xx 000 0 eng d
020 _a0-88410-155-X
037 _aTextual
040 _aFEDL
_beng
_cFEDL
041 _aeng
_2eng
084 _a379.11, COH
_qFEDL
100 _aCohn Elchanan
_9619820
245 0 _aInpurt-output analysis in public education
260 _aCambridge
_bBallinger Publishing Company
_c1975
300 _axv,137p.
942 _cTEXL
_h379.11, COH
999 _c1374000
_d1374000